| 000 | 00384nam a2200121 4500 | ||
|---|---|---|---|
| 008 | 180215b xxu||||| |||| 00| 0 eng d | ||
| 100 |
_926569 _aPadin, Mary Grace |
||
| 245 |
_aWB offers to assist APEC in disaster risk financing/ _cMary Grace Padin |
||
| 260 |
_aPhilippines _bThe Philippine Star _cc2017 |
||
| 300 | _apage B8. | ||
| 650 | 0 |
_926570 _aDisaster Management. |
|
| 942 |
_2ddc _cPER |
||
| 999 |
_c8691 _d8691 |
||